| 000 | 00809cam a2200205 a 4500 | ||
|---|---|---|---|
| 001 | 000005743 | ||
| 005 | 20200929151751.0 | ||
| 008 | 780505s1976 pr s001 0 spa | ||
| 040 |
_aDO-SdBNP _bspa _cBNPHU |
||
| 082 |
_a326.97295 _bF625e, 1976 |
||
| 100 | 1 |
_aFlinter, George Dawsón, _d1838 _916247 |
|
| 245 | 1 | 0 |
_aExamen del estado actual de los esclavos en la isla de Puerto Rico / _cJorge Dawsón Flinter; edición, Emilio M. Colón. |
| 250 | _a2a ed. | ||
| 260 |
_aSan Juan, Puerto Rico : _bInstituto de Cultura Puertorriqueña, _eBarcelona : _fMedinaceli, _c1976. |
||
| 300 |
_a124 p. ; _c18 cm. |
||
| 650 | 4 |
_aEsclavitud _zPuerto Rico _916248 |
|
| 650 | 4 |
_aEsclavitud en puerto rico _xHistoria _916249 |
|
| 650 | 4 |
_aEmancipación de los esclavos _zPuerto Rico _916250 |
|
| 700 | 1 |
_aColón, Emilio M, _eed. _94082 |
|
| 999 |
_c5539 _d5539 |
||